| 000 | 00363nam a2200145Ia 4500 | ||
|---|---|---|---|
| 008 | 150201s2008 xx 000 0 und d | ||
| 082 |
_a617 _bB08W |
||
| 100 | _aWILLIAMA, NORMAN,S | ||
| 245 | _aBAILEY AND LOVE,S SHORT PRACTICE OF SURGERY | ||
| 250 | _a25TH | ||
| 260 |
_bHODDER ARHOLD _aDELHI _c2008 |
||
| 300 | _a1-1512 | ||
| 650 | _aSURGERY | ||
| 942 |
_2ddc _cBK _05 |
||
| 999 |
_c237 _d237 |
||